1831 1354 1943 1583 1163 1254 1694 1083 1800 1859 1870 1683 1465 1154 1673 1338 1833 1390 1126 1990 1159 1045 1081 1230 1065 1860 1807 1890 1253 1512 1259 1428 1543 1868 1792 1961 1100 1804 1135 1063 1124 1136 1465 1201 1070 1643 1564 1422 1891 1777 1148 1633 1744 1431 1471 1080 1417 1525 1244 1600 1440 1645 1314 1110 1358 1886 1625 1755 1955 1247 1680 1021 1546 1980 1273 1105 1822 1717 1818 1340 1715 1682 1745 1708 1622 1125 1283 1399 1693 1619 1958 1680 1474 1915 1223 1467 1482 1277 1585 BCNSPRNW ULIB Ver.6.0+V

เปลี่ยนเป็นภาษาไทย

Change to English
 แสดงรายละเอียดบรรณานุกรม
  กลับหน้าหลัก

Brief Record : Get Marc (ISO 2709) : E-mail record : QR code < ปิดหน้าต่าง
LEADER : 00000nam 2200000uu 4500
001    13399126399
003     ULIB
008    020711s2018 th a 000 0 eng d
020    ^a9781496365323
060    ^aWY157.3^bF574M
100    ^aJoAnne Silbert-Flagg and Adele Pillitteri
245    ^aMaternal and Child Health Nursing & CARE OF THE CHILDBEARING CHILDREARING FAMILY
250    ^a8th ed
260    ^aPhiladelphia :^bWolters Kluwer,^c2018
300    ^a1659 pages;^b30 cm
650    ^aMaternal-Child Nursing
650    ^aFamily Health
650    ^aHolistic Nursing
945    ^p2813^l0^i004624
999    ^aประนอม เกษจรัล
รายการนี้ยังไม่มีแท็ก
คุณยังไม่ได้ล็อกอิน คุณสามารถมีกิจกรรมร่วมกับเว็บไซต์ได้ แต่ต้องล็อกอินก่อน ::
  ล็อกอิน

รายการสื่อสารสนเทศ

ลำดับที่ ประเภท เลขเรียก/บาร์โค้ด สถานที่ สถานะ
1. Book การพยาบาล
หนังสือสำรอง
สถานะ=หนังสือสำรอง
WY157.3 F574M ฉ.1 
  Barcode: 004624
ห้องสมุดวิทยาเขตสวรรค์ประชารักษ์
►หนังสือทั่วไป
บนชั้น

รายการใกล้เคียง
    ผู้แต่ง [JoAnne Silbert-Flagg and Adele Pillitteri]

    หัวเรื่อง [Maternal-Child Nursing]
    หัวเรื่อง [Family Health]
    หัวเรื่อง [Holistic Nursing]

BibComment


ยังไม่เคยถูกคอมเมนท์

คอมเมนท์ทรัพยากรรายการนี้
  คอมเมนท์: Maternal and Chi..


 Copyright 2026. Bcnsprnw @Library